Statistiques concernant Les villes du Pas-de-Calais de plus de 30 000 habitants

Cliquez ici pour prendre le quiz!

Statistiques générales

  • Ce quiz a été pris 143 fois
  • Le résultat moyen est 5 sur 8

Statistiques - réponses

populationville% Correct
76402Calais
95%
40970Arras
93%
42476Boulogne sur mer
83%
31398Lens
83%
25413Béthune
62%
31590Liévin
50%
26493Hénin-Beaumont
41%
22579Bruay-la-Buissière
23%

Distribution des résultats

Percentile par nombre de réponses

% des personnes avec chaque résultat

Votre développement - résultats

Vous n’avez pas pris ce quiz